000 nam a22 a 4500
999 _c485199
_d485199
003 BLK
005 20221208111746.0
008 180408b bul|||||r ||||||| ||bul||
010 _aKNG00065875000
040 _aBLK
041 _aBUL
_cBUL
080 _aТехника. Технически науки
_b62
_x(035)
_z62(035)
080 _aМеханика
_b531/534
_x(035)
_z531/534(035)
100 1 _aКисьов, Иван Дафинов
_eпърви автор
_9261234
139 _aКисьов, Иван Дафинов
_bК 60
245 1 0 _aНаръчник на инженера
_bЧ. 1 -
_cИван Дафинов Кисьов.
_nЧ. 2
_pМеханика
250 _a4. изд.
257 _aBGR
260 _bТехника
_c1979 -
_aСофия
300 _c25 см
380 _a62
650 4 _aТехника
_9173585
650 7 _aМеханика
_9162097
653 _aтехника
653 7 _aмеханика
_9190935
760 1 _aКисьов, Иван Дафинов
_b4. изд.
_h 710 с. : с черт., табл..
_n - 1. изд. 1960. - Азб. показалец
_tЧ. 2 Механика
852 _aЦб 99960
_bЦб
856 4 _qpdf
_i0.00
_ldisable
856 4 _qpdf
_i0.00
_ldisable
942 _cKNG
_n0
_s1
944 _aCR
_c2022-12-08
999 _d485199
999 _d61671
999 _d61671